Making Medicines in Africa: The Political Economy of Industrializing for Local Health (Record no. 32370)
[ view plain ]
| 000 -LEADER | |
|---|---|
| fixed length control field | 00612nam a2200121Ia 4500 |
| 008 - FIXED-LENGTH DATA ELEMENTS--GENERAL INFORMATION | |
| fixed length control field | 220620s9999||||xx |||||||||||||| ||und|| |
| 100 ## - MAIN ENTRY--PERSONAL NAME | |
| Personal name | Banda, Geoffrey||Tibandebage, Paula||Mackintosh, Maureen||Wamae, Watu |
| 245 #0 - TITLE STATEMENT | |
| Title | Making Medicines in Africa: The Political Economy of Industrializing for Local Health |
| 546 ## - LANGUAGE NOTE | |
| Language note | English[eng] |
| 650 ## - SUBJECT ADDED ENTRY--TOPICAL TERM | |
| Topical term or geographic name entry element | Life Sciences||Economics||International Relations||International Political Economy||Political Economy||Development||African Studies||African Economics||Pharmacology and Toxicology |
| 856 ## - ELECTRONIC LOCATION AND ACCESS | |
| Uniform Resource Identifier | <a href="http://link.springer.com/book/10.1007/978-1-137-54647-0">http://link.springer.com/book/10.1007/978-1-137-54647-0</a> |
| 942 ## - ADDED ENTRY ELEMENTS (KOHA) | |
| Koha item type | E-Books |
| Withdrawn status | Lost status | Damaged status | Not for loan | Home library | Current library | Date acquired | Total Checkouts | Date last seen | Price effective from | Koha item type |
|---|---|---|---|---|---|---|---|---|---|---|
| Kerala University of Digital Sciences, Innovation and Technology Knowledge Centre | Kerala University of Digital Sciences, Innovation and Technology Knowledge Centre | 20/06/2022 | 20/06/2022 | 20/06/2022 | E-Books |